000 00443nam a22001577a 4500
003 macl
005 20170616123911.0
008 170616b xxu||||| |||| 00| 0 eng d
040 _cmacl
082 _a891.433/ALO/S
100 _aआलोक ,सीतेश
_91020
245 _aअाधारशिला
260 _aदिल्‍ली
_bमेधा बुक्‍स
_c2016
650 _aकहानी
_967531
942 _2ddc
_cHIN
999 _c56576
_d56576